50 poemas de amor colombianos / (Registro nro. 3315)

Detalles MARC
000 -LEADER
fixed length control field 00864nam a2200217Ia 4500
003 - CONTROL NUMBER IDENTIFIER
control field OSt
005 - DATE AND TIME OF LATEST TRANSACTION
control field 20250702135420.0
008 - FIXED-LENGTH DATA ELEMENTS--GENERAL INFORMATION
fixed length control field 191128t2015 ck er 000 f spa d
020 ## - INTERNATIONAL STANDARD BOOK NUMBER
International Standard Book Number 9789588898261
040 ## - CATALOGING SOURCE
Original cataloging agency CO-JMCR
Transcribing agency CO-JMCR
041 ## - LANGUAGE CODE
Language code of text/sound track or separate title spa
082 04 - DEWEY DECIMAL CLASSIFICATION NUMBER
Classification number A-P
Item number POEp
245 10 - TITLE STATEMENT
Title 50 poemas de amor colombianos /
250 ## - EDITION STATEMENT
Edition statement Primera edición
260 ## - PUBLICATION, DISTRIBUTION, ETC.
Place of publication, distribution, etc. Bogotá :
Name of publisher, distributor, etc. Alcaldía Mayor de Bogotá; Instituto Distrital de las Artes (IDARTES),
Date of publication, distribution, etc. ©2015
300 ## - PHYSICAL DESCRIPTION
Extent 94 páginas :
Dimensions 17 cm.
490 ## - SERIES STATEMENT
Series statement Libro al viento
505 ## - FORMATTED CONTENTS NOTE
Formatted contents note La pareja de piedra--Afecto 45: deliquios del verdadero amor--Anacreótica--A solas--Nocturno--Tú no sabes amar--Esfinge--Serenata--Lo que dice la flor--Elegía del marino ilusorio--La manzana del edén--Difusión--Ritornelo--Seremos tristes--Soneto del nuevo
650 14 - SUBJECT ADDED ENTRY--TOPICAL TERM
Topical term or geographic name entry element Poesía colombiana
9 (RLIN) 9436
942 ## - ADDED ENTRY ELEMENTS (KOHA)
Source of classification or shelving scheme Dewey Decimal Classification
Koha item type Books
Existencias
Withdrawn status Lost status Source of classification or shelving scheme Damaged status Not for loan Collection code Home library Current library Date acquired Total Checkouts Full call number Barcode Date last seen Date last checked out Copy number Koha item type
    Dewey Decimal Classification     Fiction Biblioteca Pública José María del Castillo y Rada Biblioteca Pública José María del Castillo y Rada 11/28/2019 3 A-P POEc 201801210 05/26/2025 05/23/2025 Ej.1 Books